| 000 | 02072cam a22003618a 4500 | ||
|---|---|---|---|
| 001 | 14585480 | ||
| 005 | 20061113094919.0 | ||
| 008 | 061006s2007 nyu b 000 0 eng | ||
| 010 | _a 2006033284 | ||
| 020 | _a9780415426329 (hardback : alk. paper) | ||
| 040 |
_aDLC _cDLC _dDLC |
||
| 043 |
_aaw----- _aff----- |
||
| 050 | 0 | 0 |
_aJZ1318 _b.E455 2007 |
| 082 | 0 | 0 |
_a303.48256 _222 _bEHT |
| 100 | 1 |
_aEhteshami, Anoushiravan. _95167 |
|
| 245 | 1 | 0 |
_aGlobalization and geopolitics in the Middle East : _bold games, new rules / _cAnoushiravan Ehteshami. |
| 260 |
_aNew York : _bRoutledge, _c2007. |
||
| 263 | _a0705 | ||
| 300 | _ap. cm. | ||
| 490 | 0 | _aDurham modern Middle East and Islamic world series | |
| 504 | _aIncludes bibliographical references. | ||
| 505 | 0 | _aIntroduction : globalization and geopolitics in the Middle East -- Globalization : system or process? -- Globalization and strategic interdependence -- The MENA regional system in crisis -- Geopolitical tectonics : GME on the margins of Eurasia -- Government and governance in the era of globalization -- Economic internationalization and the changing balance of economic power in the Middle East -- Culture clash : globalization and the geopolitics of identity in the Middle East -- Globalization and international politics of the GME -- Globalization and the Middle East in perspective. | |
| 650 | 0 |
_aGlobalization _zMiddle East. _95168 |
|
| 650 | 0 |
_aGlobalization _zAfrica, North. _95169 |
|
| 650 | 0 |
_aGeopolitics _zMiddle East. _95170 |
|
| 650 | 0 |
_aGeopolitics _zAfrica, North _95171 |
|
| 651 | 0 |
_aMiddle East _xPolitics and government. _95172 |
|
| 651 | 0 |
_aAfrica, North _xPolitics and government. _95173 |
|
| 856 | 4 | 1 |
_3Table of contents only _uhttp://www.loc.gov/catdir/toc/ecip072/2006033284.html |
| 942 |
_2ddc _cBB |
||
| 999 |
_c11624 _d11624 |
||